000 00571nam a2200181Ia 4500
008 100917s9999 xx 000 0 und d
082 _b26675
100 _aखांबेटे द. पां.
245 _aयुध्दातील थरारक कथा
260 _bप्रिया प्रकाशन
_c1976
300 _a235
365 _b20
520 _aकथा
630 _aयुध्दातील थरारक कथा
650 _aकथा
730 _aयुध्दातील थरारक कथा
942 _cBOOK
999 _c632069
_d632066